[Event "FRA-chT1A 0708"]
[Site "France"]
[Date "2007.10.21"]
[Round "1.8"]
[White "Danielian, Siramarg"]
[Black "Marchais, Aurelie"]
[Result "0-1"]
[WhiteElo "1499"]
[BlackElo "1777"]
[PlyCount "74"]
[EventDate "2007.10.21"]
[EventType "team-tourn"]
[EventRounds "11"]
[EventCountry "FRA"]
[SourceTitle "EXT 2009"]
[Source "ChessBase"]
[SourceDate "2008.11.26"]
[SourceVersion "1"]
[SourceVersionDate "2008.11.26"]
[SourceQuality "1"]
[WhiteTeam "Chess XV"]
[BlackTeam "Niort"]
[WhiteTeamCountry "FRA"]
[BlackTeamCountry "FRA"]

1. e3 d5 2. d4 Nf6 3. b3 Bf5 4. Ba3 c6 5. Nd2 Qa5 6. Qc1 Ne4 7. Ngf3 Bg4 8. b4 Qb6 9. Nxe4 dxe4 10. Nd2 Bf5 11. Be2 e6 12. b5 Bxa3 13. Qxa3 Qc7 14. Nc4 Qe7 15. Nd6+ Kd7 16. bxc6+ Nxc6 17. Nc4 Qxa3 18. Nxa3 Rhc8 19. 0-0 Ke7 20. c4 b6 21. Rfd1 Nb4 22. Rdb1 Nd3 23. Rb3 Rc6 24. f3 Nc5 25. dxc5 Rxc5 26. Rd1 Rac8 27. Rb2 exf3 28. gxf3 Bh3 29. f4 g5 30. Rbd2 gxf4 31. Rd7+ Kf6 32. exf4 Rg8+ 33. Kf2 Rg2+ 34. Ke3 Rxh2 35. Bh5 Rxh5 36. Nb5 Bf5 37. R1d2 R5h3+ 0-1